000 01011 a2200241 4500
001 46044
005 20260407155733.0
008 260407a2009 arg spa d
003 AR-UNSa-BCEJYS
040 _aAR-UNSa-BCEJYS
_bspa
_cAR-UNSa-BCEJYS
080 _a331.101.264
_xSectores trabajadores y no trabajadores de la población (clase obrera...)
245 1 0 _aContrucción social de la Ciudad
020 _a978-950-721-328-1
264 1 _aSan Salvador de Jujuy :
_bUniversidad Nacional de Jujuy
_c2009
300 _a216 p.
_c22 cm.
505 _a1. Provincia de Jujuy - 2. La ciudad de San Salvador de Jujuy - 3. El barrio: Alto Comedero - 4. Alto Comedero 2004: Aspectos socio-económicos - 5. Las ferias en Alto Comedero -
942 _cBK
590 _aniveau_biblio:m niveau_hierar:0
100 1 _aGolovanevsky, Laura
700 1 _aBergesio, Liliana
700 1 _aMarcoleri, María Elena
856 4 1 _uhttps://www.biblioeco.unsa.edu.ar/pmb/images/libros/L127293.jpg
_yImagen de portada
_qimage/jpeg
999 _c4125
_d4125